00577nam a2200145Ia 4500008004100000100001900041245009500060245001800155260000900173300002500182440003800207650009500245999001900340952007200359171207s9999 xx 000 0 und d aThorsten, Anja aGenerating knowledge in a Learning Study – from the perspective of a teacher researcher  cAnja Thorsten c2017 apages 140-154, 2017 aEducational Action Researchv25:1 aLearning Study, teacher research, clinical research, Variation Theory, writing instruction c347486d347486 001040aCLbCLd2017-12-07l0r2017-12-07 00:00:00w2017-12-07ySE